000 01659nam a2200265Ii 4500
008 221202s xx 000 0 und d
245 0 _aFrankenstein
246 _aA New Edition for Scientists and Engineers
264 1 _aCambridge, Massachusetts
_bThe MIT Press
_c2017
300 _a1 online resource
336 _atext
_btxt
_2rdacontent
337 _acomputer
_bc
_2rdamedia
338 _aonline resource
_bcr
_2rdacarrier
520 _aThis new critical edition of Mary Shelley’s Frankenstein was developed by leading scholars for aspiring scientists, engineers, and medical professionals. This unique framing will make this a core text in promoting and enhancing interdisciplinary dialogue on the nature, roles, and responsibilities of scientists and engineers in society. To be published in time for the 2018 bicentennial of its original publication, this edition will be produced in print and as an enhanced e-book. The e-book will contain the full text of the novel (in the public domain) plus all of the substantial scholarly material that was commissioned and developed for this new edition, including essays by leading scholars, and will be most valuable to students and teachers of ethics. Digital features will include include reader annotation, bookmarking, and multimedia content.
653 _aClerval
653 _aDoubs
653 _aFrankenstein
653 _aGeneva
653 _aLiterature
700 1 _aFinn, Ed
700 1 _aGuston, David
700 1 _aRobert, Jason Scott
856 _uhttps://library.oapen.org/bitstream/20.500.12657/31387/1/628778.pdfhttp://library.oapen.org/handle/20.500.12657/31387
942 _cE-BOOK
999 _c62660
_d62660